Geothermal resources of California /

Bibliographic Details
Corporate Authors: California. Division of Mines and Geology, National Geophysical and Solar-Terrestrial Data Center
Format: Government Document Map
Language:English
Published: Boulder, Colo. : The Center, 1980.
Series:California Geologic Data Map Series ; map no. 4
Subjects:

MARC

Tag First Indicator Second Indicator Subfields
LEADER 00000cem a2200000 a 4500
001 in00001022113
005 20150928122654.0
007 aj camzn
008 810610s1980 couagk ccea f 0 eng d
019 |a 7565682 
034 1 |a a  |b 750000  |d W1242200  |e W1140700  |f N0420000  |g N0323700 
035 |a (OCoLC)07493309 
035 |9 AFG3497AM 
040 |a JNA  |c JNA  |d GPO  |d m/c  |d OCL  |d TXA  |d UtOrBLW 
049 |a TXAC 
052 |a 4361 
074 |a 250-F 
086 0 |a C 55.22/2:C 12/no.4 
090 |a G4361.N32 1980  |b .C3 
110 1 |a California.  |b Division of Mines and Geology. 
245 1 0 |a Geothermal resources of California /  |c Geothermal data compiled by the Division of Mines and Geology, California Department of Conservation ; map produced by the National Geophysical and Solar-Terrestrial Data Center, National Oceanic and Atmospheric Administration ; for the Division of Geothermal Energy, United States Department of Energy. 
255 |a Scale 1:750,000. 1 cm. to 7.5 km. 1 in. to ca. 12 miles ;  |b Lambert conformal conic proj. based on standard parallels 33₋p0 ₋sand 45₋p0 ₋s  |c (W 124₋p0₋s22'--W 114₋p0₋s07'/N 42₋p0₋s00'--N 32₋p0₋s37'). 
264 1 |a Boulder, Colo. :  |b The Center,  |c 1980. 
300 |a 1 map :  |b color ;  |c 146 x 121 cm. 
336 |a cartographic image  |b cri  |2 rdacontent 
337 |a unmediated  |b n  |2 rdamedia 
338 |a sheet  |b nb  |2 rdacarrier 
490 1 |a California Geologic Data Map Series ;  |v map no. 4 
500 |a Relief shown by spot heights and contour interval of 500 ft.; bathymetry shown by isolines. 
500 |a Includes inset of Imperial Valley, references, "Thermal springs and wells," and text. 
500 |a Cartographic material. 
650 0 |a Geothermal resources  |z California  |x Maps. 
651 0 |a California  |v Maps. 
710 2 |a National Geophysical and Solar-Terrestrial Data Center. 
810 2 |a California. Division of Mines and Geology.  |t California Geologic Data Map Series ;  |v map no. 4. 
999 |a MARS 
999 f f |s 0b065387-7bd4-3a9e-ab28-f444944eb8e4  |i 00d6ae72-9b10-3544-9df0-5452bfacafcf  |t 0 
952 f f |p normal  |a Texas A&M University  |b College Station  |c Sterling C. Evans Library  |d Evans: Maps (2nd floor)  |t 0  |e G4361.N32 1980 .C3  |h Library of Congress classification  |i unmediated -- sheet  |m A14813621804 
998 f f |a G4361.N32 1980 .C3  |t 0  |l Evans: Maps (2nd floor)